000 00441nam a2200157 i 4500
001 101303
003 ES-MaACL
005 20230906182852.0
007 t|
008 051017s1921 fr ||||1| fre d
100 1 _aMaurras, Charles.
_979271
245 1 3 _aLe chemin de paradis
_b: contes philosophiques /
_cCharles Maurras.
260 _aParis :
_bE. de Boccard,
_c1921.
300 _aXCII, 274 p. ;
_c19 cm.
852 _aES-MaACL
_jF-7710
999 _c101303
_d101303